Sinopsis de la nueva Ley Concursal L.O. 22/2003 /

Detalles Bibliográficos
Autor principal: Ramos Ibs̤, Teresa
Formato: Desconocido
Lenguaje:español
Publicado: Barcelona : BOSCH EDITOR, 2006
Materias:
Acceso en línea:Acceso restringido

MARC

LEADER 00000ny a22000003n 4500
005 20110623165815.0
006 m u
007 cr cn|||||||||
008 200805r20062008sp |||||s|||||||||||spa d
020 |a 9788476987476 
035 |a 1230 
040 |a FlNmELB  |c FlNmELB  |d vlex 
050 1 4 |a K2110  |b R175 2006eb 
080 |a 343.13 
090 |c 1193  |d 1193 
100 1 |a Ramos Ibs̤, Teresa 
245 1 0 |a Sinopsis de la nueva Ley Concursal  |h [Recurso electrn̤ico]  |b L.O. 22/2003 /  |c Teresa Ramos Ibs̤ 
256 |a Servicio en ln̕ea 
260 |a Barcelona :  |b BOSCH EDITOR,  |c 2006 
300 |a 7-214 p 
506 1 |a Contenido solo disponible en los productos indicados  |d vLex Global  |d vLex Global (Academic Edition, excluding Law Schools)  |d vLex Global (U.S. Academic Edition, Law Schools)  |d vLex Global (U.S. Academic Edition, excluding Law Schools)  |d vLex Global (Academic Edition, Law Schools) 
650 0 7 |a Ley concursal  |2 Tesauro vLex 
650 0 7 |a Concursos  |2 Tesauro vLex 
650 0 7 |a Concurso de acreedores  |2 Tesauro vLex 
650 0 7 |a Normativa general del procedimiento concursal  |2 Tesauro vLex 
650 0 7 |a Derecho concursal  |2 Tesauro vLex 
740 0 |a vLex Libros (Servicios en ln̕ea) 
856 4 0 |z Acceso restringido  |u http://vlex.com/source/sinopsis-nueva-ley-concursal-1230 
942 |c BOOK